00500 a2200157 4500020001500000024001500015090001300030100002200043245009200065250001200157260002600169300001000195942002600205999001700231952009400248 a0099286564 a0099286564 c370d370 aPerkowitz, Sidney aUniversal Foam:bThe Story of bubles from cappuccino to the cosmos /cSindney Perkowitz a1st Ed. aLondonbVintagec2001 g25 cm aSNScBKk541.3451 PER c29003d29003 00104070aSNSbSNSd2016-05-26l0o541.3451 PERpSNS0000290r2016-05-26w2016-05-26yBK